000 01020cam a2200301Mi 4500
005 20151026111651.0
008 15 s2011 xxuab fr 001 0 eng d
020 _a0195159470
020 _a9780195159479
020 _a9780195338195
020 _a0195338197
035 _a(OCoLC)795701136
040 _aCo-BoUCM
_cSaul Niño
_dSaul Niño
041 _aeng
100 1 _aGolden, Peter B
_972825
245 1 0 _aCentral Asia in world history
_cPeter B. Golden
260 _aNew York (Estados Unidos)
_bOxford University Press
_c2011
300 _ax, 178 páginas
_bilustraciones, mapas
490 0 _aThe new Oxford world history
504 _aIncluye referencias bibliográficas e índices
650 0 _aGeopolítica
_zAsia, Central
_xHistoria
_9215
650 7 _aCivilización
_947634
651 0 _aAsia Central
_xHistoria
_972826
651 0 _aAsia Central
_xCivlización
_972827
690 _942844
_aHistoria de Asia
942 _2DEWEY
_a21
_cLIBRO
_e1
_h958
_mG618ce
999 _c301596
_d301596